| 000 | 00749nam a22001577a 4500 | ||
|---|---|---|---|
| 003 | OSt | ||
| 005 | 20150918103201.0 | ||
| 008 | 150918b xxu||||| |||| 00| 0 eng d | ||
| 040 | _cRUA | ||
| 082 | _aAGR PHO 2005 B032 Or.1 | ||
| 100 |
_9738 _aPHON, SOPHEA |
||
| 245 | _aEffect of mulching on yield of cultivar ts 64 (solanum melongena)at crop station in the royal university of agriculture, (ឥទ្ធិពលគំរបប្លាស្ទិចទៅលើទិន្នផលនៃដំណាំត្រប់វែងនៅស្ថានីយ៏ដំណាំសាកលវិទ្យាល័យភូមិន្ទកសិកម្ម) | ||
| 260 |
_aPhnom Penh _bRUA _c2005 |
||
| 300 |
_axiii, 53p. _bill. _c29cm. |
||
| 942 |
_2ddc _cAGR |
||
| 999 |
_c709 _d709 |
||